| 000 | 00000nam##2200000za#4500 |
| 001 | 9.689457 |
| 003 | CaOODSP |
| 005 | 20241203113636 |
| 007 | cr ||||||||||| |
| 008 | 150407|2006||||xxc|||||o f|0| 0 eng|d |
| 020 | |a978-0-662-45403-8 |
| 040 | |aCaOODSP|beng |
| 043 | |an-cn--- |
| 086 | 1 |aEn84-49/2007E-PDF |
| 110 | 1 |aCanada. |bEnvironment Canada. |
| 245 | 10|aGeorgia Basin Puget Sound ecosystem indicators 2006 / |h[electronic resource]|c[co-published by the] U.S. Environmental Protection Agency. |
| 260 | |aVancouver - British Columbia : |bEnvironment Canada |cMay 2007. |
| 300 | |a20p.|bcoloured map, graphs, tables, photographs |
| 590 | |a14-08-Supp|b2014-04-10 |
| 690 | 07|aAquatic ecosystems|2gcpds |
| 690 | 07|aEnvironmental protection|2gcpds |
| 775 | 08|tBassin de Georgia et de Puget Sound, indicateurs écosystémiques 2006 / |w(CaOODSP)9.634012 |
| 856 | 40|ahttp://publications.gc.ca|qPDF|s3.68 MB|uhttps://publications.gc.ca/collections/collection_2014/ec/En84-49-2007-eng.pdf |